|
|
|
|
| LEADER |
00000cam a2200000 i 4500 |
| 001 |
1/72671 |
| 008 |
080128s2004 gr | ||| |||| ||gre|| |
| 020 |
|
|
|a 9603201685
|
| 035 |
|
|
|l 10094180
|
| 040 |
|
|
|a GR-MY-UA
|b gre
|e aacr
|
| 041 |
0 |
|
|a gre
|
| 082 |
0 |
|
|a 889.334
|2 (22)
|
| 100 |
1 |
|
|a Σπανάκη, Μαριάννα.
|
| 245 |
1 |
0 |
|a Βυζάντιο και Μακεδονία στο έργο της Π.Σ. Δέλτα :
|b η σχέση ιστορίας και λογοτεχνίας /
|c Μαριάννα Σπανάκη
|
| 260 |
|
|
|a Αθήνα :
|b Ερμής,
|c 2004
|
| 300 |
|
|
|a 267 σ.;
|c 24 εκ.
|
| 504 |
|
|
|a Βιβλιογραφία: σ. 259-264. Ευρετήριο
|
| 600 |
1 |
0 |
|a Δέλτα, Πηνελόπη Σ.,
|d 1874-1941.
|
| 650 |
0 |
0 |
|a Greek literature, Modern
|x History and criticism.
|
| 650 |
0 |
0 |
|a Literature and history.
|
| 651 |
|
0 |
|a Macedonia (Greece)
|x History
|y 20th century.
|
| 852 |
|
|
|a INST
|b RHODES
|e 20080128
|h 889.334 ΣΠΑ
|p 005400030156
|q 005400030156
|t BK
|y 0
|
| 901 |
|
|
|a BIBL4-2008-1
|
| 909 |
|
|
|a Ρ
|b 144443
|
| 922 |
|
|
|a 4ΕΛΗ
|b 200801
|c ΕΠΕΑΕΚ2/ΠΤΔΕ
|d Σ. ΠΑΤΑΚΗΣ
|
| 970 |
|
|
|a ΧΑΡΙΟΠΟΛΙΤΟΥ
|b ΚΩΝΣΤΑΝΤΙΝΑ
|z 2008/01/28
|